Normal view
MARC view
- نظم المعلومات الاداريه-الحاسيات الالكترونية -تصميم
Entry Topical Term
001 - CONTROL NUMBER
- control field: 29775
003 - CONTROL NUMBER IDENTIFIER
- control field: JO-AjAnu
005 - DATE AND TIME OF LATEST TRANSACTION
- control field: 20230606075029.0
008 - FIXED-LENGTH DATA ELEMENTS
- fixed length control field: 230606|| aca||aabn | a|a d
040 ## - CATALOGING SOURCE
- Original cataloging agency: JO-AjAnu
- Transcribing agency: JO-AjAnu
150 ## - HEADING--TOPICAL TERM
- Topical term or geographic name entry element: نظم المعلومات الاداريه-الحاسيات الالكترونية -تصميم
670 ## - SOURCE DATA FOUND
- Source citation: Work cat.: (JO-AjAnu)15289: زيادة ، فريد فهمي, author 29774, المقدمة في تحليل وتصميم النظم